000 00818nam a22001337a 4500
040 _cRUA
082 _aAVM SUO 2009 B090 Or.4
100 _aSUON, SAREN.
245 _aeffect of supplementation apple snail meal in basic concentrate to replace fish meal on growing ouail at animal experimental station of rua (ឥទ្ធិពលនៃការបន្ថែមម្សៅសាច់ខ្យងប៉ោមជាចំណីគ្រឺះជំនួសម្សៅត្រីលើការលូតលាស់របស់ក្រួច នៅស្ថានីយ៍ចិញ្ចឹមសត្វ នៃ ស.វ.ភ.ក)
260 _aPhnom Penh
_bRUA
_c2009
300 _ax, 43p.
_bill.
_c29cm.
856 _uhttps://drive.google.com/file/d/1U2GGAPYNn5iODPbRlI490D35S9WuEvpV/view?usp=sharing
942 _cAVM
999 _c2537
_d2537